Propuesta para un nuevo reglamento de seguridad en construcciones
محفوظ في:
| المؤلف الرئيسي: | |
|---|---|
| التنسيق: | كتاب |
| اللغة: | Spanish |
| منشور في: |
[San José], Costa Rica
2014
|
| الموضوعات: |
CONSTRUCCION - MEDIDAS DE SEGURIDAD
> CONSTRUCCION - MEDIDAS DE SEGURIDAD - COSTA RICA - REGLAMENTOS
> SEGURIDAD INDUSTRIAL - COSTA RICA - REGLAMENTOS
> SEGURIDAD OCUPACIONAL - REGLAMENTOS - COSTA RICA
> CONSTRUCCION - MEDIDAS DE SEGURIDAD - LEGISLACION - COSTA RICA
> CONSTRUCCION - ACCIDENTES - PREVENCION
> ACCIDENTES DE TRABAJO - PREVENCION - COSTA RICA
|
| الوسوم: |
إضافة وسم
لا توجد وسوم, كن أول من يضع وسما على هذه التسجيلة!
|
MARC
| LEADER | 00000nam a22000007a 4500 | ||
|---|---|---|---|
| 003 | 011916 | ||
| 005 | 20221231143901.0 | ||
| 008 | 150316b2014 cr a|||| |||| 00| 0 spa d | ||
| 040 | |c cru CEDI | ||
| 090 | |a TFG 7081 | ||
| 100 | |9 468 |a Nájera Umaña, Greivin Raúl | ||
| 245 | |a Propuesta para un nuevo reglamento de seguridad en construcciones | ||
| 260 | |a [San José], Costa Rica |c 2014 | ||
| 500 | |a Proyecto de graduación (licenciatura en ingeniería civil)--Universidad de Costa Rica. Facultad de Ingeniería. Escuela de Ingeniería Civi | ||
| 650 | |x CONSTRUCCION - MEDIDAS DE SEGURIDAD |x CONSTRUCCION - MEDIDAS DE SEGURIDAD - COSTA RICA - REGLAMENTOS |x SEGURIDAD INDUSTRIAL - COSTA RICA - REGLAMENTOS |x SEGURIDAD OCUPACIONAL - REGLAMENTOS - COSTA RICA |x CONSTRUCCION - MEDIDAS DE SEGURIDAD - LEGISLACION - COSTA RICA |x CONSTRUCCION - ACCIDENTES - PREVENCION |x ACCIDENTES DE TRABAJO - PREVENCION - COSTA RICA |9 469 | ||
| 942 | |c TFG | ||
| 999 | |c 13704 |d 13704 | ||
